00791cam a22001578i 4500020001800000020001800018040000800036082002600044100001800070245017100088300001300259490002200272520031400294650000900608650001600617 a9781669011880 a9781669011835 cDLC00a394 BAN 2018 A042 Or.1 aGrant, Kesha,14aDynamic development, shifting demographics, changing dietsbThe story of the rapidly evolving food system in Asia and the Pacific and why it is constantly on the move apages cm0 aAmazing histories a"How we cook and eat today looks a lot different than it did in the past. From prehistoric kitchens to food preservation and the invention of the refrigerator, the history of food is surprising, unusual, and amazing. Learn more about how people used these innovations to survive and thrive in everyday life"-- 0aFood 0aFood habits